000 01388nam a2200373 a 4500
001 000014718
003 DO-SdBPM
005 20250917141133.0
007 ta
008 100119s2005 dr 001 0 spa d
020 _a9993442429
040 _aDO-SdBPM
_bspa
_cBPMSU
_drda
082 4 _aRD860.8
_bV872v 2005
_222
245 0 0 _aVoces del valle :
_bvoces que llegan desde el Cibao /
_cIberthGuzmán, Taty Hernández Durán, Noé Zayas (antologadores) ; editor José M. Fernández Pequeño ; presentación Alejandro Arvelo.
264 _aSanto Domingo :
_bDirección General de la Feria del Libro,
_c2005.
300 _a190 páginas ;
_c24 cm.
336 _atexto
_btxt
_2rdacontent
337 _asin mediación
_bn
_2rdamedia
338 _avolumen
_bnc
_2rdacarrier
490 0 _aEdiciones Ferilibro,
_v77
590 _aInventariado, 2025VM
650 7 _aLiteratura dominicana
_vColecciones
650 7 _aAutores dominicanos
650 7 _aLiteratura dominicana
_ySiglo XX
650 z _aDominican literature
_v20th century
651 7 _aValle del Cibao (República Dominicana)
_x Antologías literarias
700 1 _aZayas, Noé,
_d1960-
700 1 _aGuzmán, Ibeth,
_d1969-
700 1 _aHernández Durán, Taty,
_d1983-
700 1 _aArvelo, Alejandro
700 1 _aFernández Pequeño, José M.,
_eeditor
910 _aVMateo V. Control de calidad. BPMSU
942 _2ddc
_cBK
999 _c15403
_d15403